[Event "Mumbai One Wealth op 04"]
[Site "Mumbai"]
[Date "2024.03.13"]
[Round "3"]
[White "Sarode, Aarush"]
[Black "Soni, Deepak R"]
[Result "0-1"]
[WhiteElo "1428"]
[BlackElo "1681"]
[PlyCount "66"]
[EventDate "2024.03.11"]
[EventType "swiss"]
[EventRounds "7"]
[EventCountry "IND"]
[SourceTitle "EXT 2025"]
[Source "ChessBase"]
[SourceDate "2024.10.14"]
[SourceVersion "1"]
[SourceVersionDate "2024.10.14"]
[SourceQuality "1"]

1. e4 c6 2. d4 d5 3. exd5 cxd5 4. Bd3 Nc6 5. c3 Qc7 6. Be3 Nf6 7. Nd2 Bg4 8. Ngf3 e6 9. 0-0 Bd6 10. Qc2 Rc8 11. Rac1 a6 12. Bg5 Bf4 13. Bxf4 Qxf4 14. Qb3 Qc7 15. Rfe1 0-0 16. Ne5 Nxe5 17. Rxe5 Nd7 18. Re3 Rfe8 19. Rg3 Nf6 20. Nf3 Qf4 21. Re1 Nh5 22. Rxg4 Qxg4 23. Ne5 Qf4 24. Qxb7 Rb8 25. Qd7 Red8 26. Qc7 Rf8 27. g4 Rxb2 28. Rf1 Nf6 29. Qe7 Ne4 30. Qh4 Ng5 31. f3 f6 32. Nd7 Qe3+ 33. Kh1 Qxd3 0-1